Crusaders Super Rugby Final Starting Teams 2017-2019 - Statistics

General Stats
  • This quiz has been taken 128 times
    92 since last reset
  • The average score is 13 of 21
Answer Stats
Player % Correct
Richie Mo'unga
95%
Sam Whitelock
90%
Kieran Read
87%
Codie Taylor
86%
Sevu Reece
84%
George Bridge
81%
Scott Barrett
79%
Joe Moody
78%
Ryan Crotty
76%
David Havili
73%
Owen Franks
73%
Bryn Hall
71%
Jack Goodhue
68%
Matt Todd
63%
Braydon Ennor
62%
Israel Dagg
43%
Seta Tamanivalu
30%
Jordan Taufua
29%
Whetukamokamo Douglas
27%
Mitchell Dunshea
24%
Heiden Bedwell-Curtis
21%
No matching quizzes found
Score Distribution
Percent of People with Each Score
Percentile by Number Answered
Your Score History
You have not taken this quiz since the last reset